A nation-wide evaluation of the rural information technology youth development centres (Record no. 4530)
[ view plain ]
| 000 -LEADER | |
|---|---|
| fixed length control field | 00807cam a2200241ua 4500 |
| 001 - CONTROL NUMBER | |
| control field | 5353 |
| 005 - DATE AND TIME OF LATEST TRANSACTION | |
| control field | 20260515113853.0 |
| 008 - FIXED-LENGTH DATA ELEMENTS--GENERAL INFORMATION | |
| fixed length control field | 120823n ii |||gr||||Z||||||eng |
| 020 ## - INTERNATIONAL STANDARD BOOK NUMBER | |
| International Standard Book Number | 978-93-81572-01-6 |
| 040 ## - CATALOGING SOURCE | |
| Transcribing agency | MAIN |
| 082 ## - DEWEY DECIMAL CLASSIFICATION NUMBER | |
| Classification number | 004 |
| 100 1# - MAIN ENTRY--PERSONAL NAME | |
| Personal name | Rajendran, Vasanthi, |
| Relator term | Editor. |
| 245 11 - TITLE STATEMENT | |
| Title | A nation-wide evaluation of the rural information technology youth development centres |
| Statement of responsibility, etc. | ed. by Vasanthi Rajendran |
| Medium | Monographic Serials |
| 250 ## - EDITION STATEMENT | |
| Edition statement | 1st. |
| 260 ## - PUBLICATION, DISTRIBUTION, ETC. | |
| Place of publication, distribution, etc. | Tamil Nadu: |
| Name of publisher, distributor, etc. | Rajiv Gandhi National Institute of Youth Development, |
| Date of publication, distribution, etc. | 2011. |
| 300 ## - PHYSICAL DESCRIPTION | |
| Extent | 87p. |
| 653 ## - INDEX TERM--UNCONTROLLED | |
| Uncontrolled term | Computer science |
| 653 ## - INDEX TERM--UNCONTROLLED | |
| Uncontrolled term | Rural information technology youth development centres |
| 700 1# - ADDED ENTRY--PERSONAL NAME | |
| Personal name | Nair, A. Radhakrishnan, |
| Relator term | Editor. |
| 700 1# - ADDED ENTRY--PERSONAL NAME | |
| Personal name | Priscilla, S., |
| Relator term | Editor. |
| 700 1# - ADDED ENTRY--PERSONAL NAME | |
| Personal name | Paul, P. David, |
| Relator term | Editor. |
| 942 ## - ADDED ENTRY ELEMENTS (KOHA) | |
| Koha item type | Books |
| Withdrawn status | Lost status | Damaged status | Not for loan | Home library | Current library | Shelving location | Date acquired | Total checkouts | Full call number | Barcode | Date last seen | Copy number | Price effective from | Koha item type |
|---|---|---|---|---|---|---|---|---|---|---|---|---|---|---|
| Naharkatiya College Library | Naharkatiya College Library | General stacks | 09/19/2020 | 004Computer science | ANA | 20730 | 09/19/2020 | 1 | 09/19/2020 | Books |